|
|
|
|
| LEADER |
01348nam a22003252a 4500 |
| 001 |
001376959 |
| 003 |
CZ BrMZK |
| 005 |
20140613135614.0 |
| 007 |
ta |
| 008 |
140327s1963 xr f er|||||||||||cze d |
| 015 |
|
|
|a cnb000476279
|
| 035 |
|
|
|a (OCoLC)85341197
|
| 040 |
|
|
|a ABA001
|b cze
|c PNA001
|d ABA001
|d BOA001
|
| 080 |
|
|
|a 336(437)+332.3/.4(437)(075.8)
|
| 100 |
1 |
|
|a Petřivalský, Jiří,
|d 1928-1993
|7 jk01092905
|4 aut
|
| 245 |
1 |
0 |
|a Peněžní oběh a úvěr v ČSSR :
|b učebnice pro vysoké školy /
|c Jiří Petřivalský ... [et al.]
|
| 250 |
|
|
|a 1. vyd.
|
| 260 |
|
|
|a Praha :
|b Státní nakladatelství technické literatury,
|c 1963
|
| 300 |
|
|
|a 371 s., příl. ;
|c 8°
|
| 490 |
1 |
|
|a Řada ekonomické literatury
|
| 500 |
|
|
|a 7215 výt.
|
| 504 |
|
|
|a Obsahuje bibliografii
|
| 521 |
8 |
|
|a Určeno pro studenty vysokých ekonomických škol, zaměstnancům v peněžnictví, průmyslu, obchodu a na národních výborech
|
| 500 |
|
|
|a Dostupné též v digitální podobě v aplikaci Kramerius
|
| 830 |
|
0 |
|a Řada ekonomické literatury
|0 s
|
| 856 |
4 |
1 |
|u http://www.digitalniknihovna.cz/mzk/uuid/uuid:f2991fa0-cfc0-11e5-9ce1-005056827e51
|y Digitalizovaný dokument
|x NDK
|
| 910 |
|
|
|a BOA001
|b 2-0498.300
|
| 990 |
|
|
|a BK
|
| 991 |
|
|
|b 201403
|
| 996 |
6 |
|
|b 2619051219
|c 2-0498.300
|l MZK
|r Sklad / do 24 hodin
|n 0
|w 001411852
|u 000010
|a 1
|e BOA001
|j MZK50
|s P
|